Statistics for Countries of the Caribbean

Click here to take the quiz!

General Stats

  • This quiz has been taken 11 times
  • The average score is 11 of 13

Answer Stats

Country% Correct
Bahamas
90%
Dominica
90%
Dominican Republic
90%
Jamaica
90%
Trinidad and Tobago
90%
Antigua and Barbuda
80%
Cuba
80%
Haiti
80%
Saint Kitts and Nevis
80%
Saint Lucia
80%
Barbados
70%
Saint Vincent and the Grenadines
70%
Grenada
60%

Score Distribution

Percentile by Number Answered

Percent of People with Each Score

Your Score History

You have not taken this quiz